000 00573nam a2200193Ia 4500
008 131103s9999 xx 000 0 und d
020 _a8174504672
_cRs.95.00
040 _aLoreto College
041 _aEnglish
082 _a375/NCE
_bLCLIB/49006,49007
100 _aNCERT
245 _aNational Curriculum Framework 2005
_cNational Council of Educational Research and Training
260 _aNew Delhi
_bPublication Department,NCERT
_c2005
300 _axvii,140p
_c 24cm
504 _aIncludes index
650 _aCurricula
850 _aLCLIB/375/NCE
942 _cBK
999 _c38026
_d88505